000 01151nam a2200385 a 4500
003 AR-BaBNM
005 20251128210251.0
008 082120s2002 ||||||||||||||000 | spa||
020 _a987-99703-0-6
040 _cAR-BaBNM
100 1 _aBalagué, Eva F.
245 0 0 _aOrientaciones y aportes para la educación sexual
260 _aBuenos Aires
_bFundación Nuevamerica
_c1994
300 _a437 p.
_bil., tablas
490 0 _aSeminario permanente de educación sexual
500 _aContiene anexo con terminología complementaria p. 397-399
500 _aContiene índice analítico p. 407-432
504 _aContiene bibliografía p. 400-406
650 4 _aEDUCACION SEXUAL
650 4 _aSEXUALIDAD
650 4 _aEDUCACION DEL NIÑO
650 4 _aADOLESCENCIA
650 4 _aDESARROLLO DE LA PERSONALIDAD
650 4 _aCOMPORTAMIENTO SEXUAL
650 4 _aAMOR
650 4 _aSEXO
650 4 _aPLACER
650 4 _aPAPEL DE LA FAMILIA
650 4 _aPAPEL DE LA ESCUELA
650 4 _aRELACION PADRES-HIJOS
653 _aTEMAS TRANSVERSALES
700 1 _aCambiaso de Coco, Margarita
942 _cBK
998 _cRaquel
999 _c14710
_d14710